Name Is the Same: TV Sitcom Edition Quiz Stats

 Plays Quiz Updated Mar 26, 2012

Challenge
Share
Tweet
Embed
Score 0/24 Timer 04:00
3 Plays Today
Last Name of Actor and Character TV Sitcom % Correct
Ball AS RicardoI Love Lucy
88.1%
Allen AS TaylorHome Improvement
82.4%
Sheen AS HarperTwo and a Half Men
79.8%
Romano AS BaroneEverybody Loves Raymond
77.6%
DeGeneres AS MorganEllen
77%
Drescher AS FineThe Nanny
71%
Barr AS ConnerRoseanne
69.8%
Jones AS PartridgeThe Partridge Family
69.2%
Danza AS MicelliWho's the Boss?
63.7%
Kaplan AS KotterWelcome Back, Kotter
63.3%
Ross AS CunninghamHappy Days
62.4%
Harrelson AS BoydCheers
62.1%
Last Name of Actor and Character TV Sitcom % Correct
Newhart AS HartleyThe Bob Newhart Show
60%
Griffith AS TaylorThe Andy Griffith Show
56.5%
McEntire AS HartReba
56.2%
Danza AS BantaTaxi
48.5%
Reiser AS BuchmanMad About You
45.2%
Schroeder AS StrattonSilver Spoons
34%
Knight AS BaxterThe Mary Tyler Moore Show
33.2%
Anderson AS StoneNight Court
28.2%
Harper AS HoganThe Hogan Family
25.3%
Reed AS StoneThe Donna Reed Show
16.6%
Carter AS HarperGimme a Break!
11.8%
Thomas AS WilliamsMake Room For Daddy
3.7%

You're not logged in!

Compare scores with friends on all Sporcle quizzes.
Join for Free
OR
Log In

You Might Also Like...

Show Comments

Extras

Top Quizzes Today


Score Distribution

Your Account Isn't Verified!

In order to create a playlist on Sporcle, you need to verify the email address you used during registration. Go to your Sporcle Settings to finish the process.

Report this User

Report this user for behavior that violates our Community Guidelines.

Details: